Dua Lipa - Dua Lipa - Statistics

General Stats
  • This quiz has been taken 15 times
    10 since last reset
  • The average score is 17 of 25
Answer Stats
2017 Dua Lipa % Correct
4 Be the One
100%
1 Genesis
100%
3 Hotter Than Hell
100%
5 IDGAF
100%
2 Lost In Your Light (feat. Miguel)
100%
10 New Rules
100%
16 Bad Together
67%
11 Begging
67%
6 Blow Your Mind (Mwah)
67%
23 Electricity (feat. Silk City)
67%
7 Garden
67%
12 Homesick
67%
21 Kiss and Make Up (feat. BLACKPINK)
67%
17 Last Dance
67%
15 New Love
67%
25 No Lie (feat. Sean Paul)
67%
22 One Kiss (feat. Calvin Harris)
67%
14 Room for 2
67%
20 Running
67%
24 Scared to Be Lonely (feat. Martin Garrix)
67%
9 Thinking 'Bout You
67%
13 Dreams
33%
8 No Goodbyes
33%
19 Want To
33%
18 For Julian
0%
No matching quizzes found
Score Distribution
Percent of People with Each Score
Percentile by Number Answered
Your Score History
You have not taken this quiz since the last reset